000 00598nam a2200217Ia 4500
999 _c64467
_d64467
003 GCL
005 20240530110733.0
008 140319s9999 xx 000 0 ara d
020 _a8063611977
040 _aGCL /
_cGCL
082 0 4 _a191
_bف ك
100 1 _aفؤاد زكريا
245 1 0 _aكم عمر الغضب /
_cفؤاد زكريا
250 _aالاولى
260 _aالقاهرة :
_bدار مصر للطباعة ،
_c1991
300 _a158 ص ؛
_c19سم
650 0 4 _aمصر
650 0 4 _aالاحوال السياسية
650 0 4 _aالسياسة
942 _2ddc
_cBK